000 00764pam a2200265 a 4500
999 _c8961
_d8961
001 8961
003 BD-JhCC
005 20180529123059.0
008 861103s1987 caua 001 0 eng
020 _a0534078842
035 _a(BD-JhCC)8961
040 _aDLC
_cDLC
_dDLC
_dBD-JhCC
041 _aeng
050 0 0 _aT11
_b.T748 1987
082 0 0 _a808/.0666021
_219
_bTRZ 1987
100 1 _aTrzyna, Thomas N.,
_d1946-
245 1 0 _aWriting for the technical professions /
_cThomas N. Trzyna, Margaret W. Batschelet.
260 _aBelmont, Calif. :
_bWadsworth Pub. Co.,
_cc1987.
300 _axx, 411 p. :
_bill. ;
_c24 cm.
500 _aIncludes index.
650 0 _aTechnical writing.
700 1 _aBatschelet, Margaret.
942 _2ddc
_cBK